[Event "Kurnosov Memorial 2019"]
[Site "?"]
[Date "2019.09.07"]
[Round "5.4"]
[White "Gabrielian, Artur"]
[Black "Ponkratov, Pavel"]
[Result "1/2-1/2"]
[WhiteElo "2498"]
[BlackElo "2669"]
[PlyCount "132"]
[EventDate "2019.??.??"]

1. e4 e5 2. Nf3 Nc6 3. Bc4 Nf6 4. d3 h6 5. O-O d6 6. c3 g5 7. a4 Bg7 8. Na3 O-O
9. Nc2 d5 10. exd5 Nxd5 11. Re1 Be6 12. a5 Qd6 13. Nd2 f5 14. Ne3 Nf4 15. Qb3
Kh7 16. Bxe6 Nxe6 17. d4 exd4 18. Nxf5 Rxf5 19. Rxe6 Qd7 20. a6 b6 21. Re1 Raf8
22. Ne4 Kh8 23. Bd2 d3 24. Rad1 Ne5 25. Be3 c5 26. c4 Qe6 27. Ng3 R5f7 28. Nh5
Qg4 29. Nxg7 Nf3+ 30. Kh1 Nxe1 31. Rxe1 d2 32. Rg1 Rd8 33. f3 Qd7 34. Ne6 Qxe6
35. Qc3+ Qf6 36. Bxd2 Qxc3 37. Bxc3+ Kh7 38. h4 Rf4 39. Re1 Rxh4+ 40. Kg1 Rd7
41. b3 Rf4 42. Kf2 Rff7 43. b4 cxb4 44. Bxb4 g4 45. c5 gxf3 46. gxf3 Rd4 47.
cxb6 Rxb4 48. b7 Rf8 49. Re7+ Kg6 50. Rc7 Rb6 51. Rc8 Rf7 52. Rg8+ Kh5 53. b8=Q
Rxb8 54. Rxb8 Rf6 55. Rg8 Rxa6 56. f4 Rg6 57. Ra8 a6 58. Kf3 Rb6 59. Rg8 Rc6
60. f5 a5 61. Kf4 Rc4+ 62. Ke5 Rc5+ 63. Ke6 Rc6+ 64. Kd5 Rb6 65. Ke5 Rb5+ 66.
Ke6 Rb6+ 1/2-1/2

[Event "Kurnosov Memorial 2019"]
[Site "?"]
[Date "2019.09.07"]
[Round "5.5"]
[White "Mischuk, Dmitry"]
[Black "Bareev, Evgeny"]
[Result "1-0"]
[WhiteElo "2437"]
[BlackElo "2664"]
[PlyCount "91"]
[EventDate "2019.??.??"]

1. e4 c5 2. Nf3 e6 3. d4 cxd4 4. Nxd4 a6 5. Bd3 Qc7 6. Nd2 Nf6 7. O-O Bc5 8.
N2f3 d6 9. Nb3 Ba7 10. Bd2 Nc6 11. c4 O-O 12. Rc1 h6 13. Qe2 Rd8 14. Rfd1 a5
15. h3 e5 16. Qe1 Be6 17. Bc3 Bc5 18. Nxc5 dxc5 19. Qe2 b6 20. b3 Re8 21. Nd2
Nd7 22. Nf1 Nd4 23. Qe1 Nf8 24. Ne3 Ng6 25. Bf1 Nf4 26. Kh1 Qd6 27. Nd5 Nxd5
28. cxd5 Bd7 29. Rd3 f5 30. f3 fxe4 31. fxe4 Rf8 32. Rg3 Rf6 33. Bd3 Raf8 34.
Bd2 Kh8 35. Be3 Be8 36. Bxd4 cxd4 37. Rc8 Bd7 38. Rxf8+ Qxf8 39. Qc1 Qc5 40.
Qd2 Bb5 41. Kh2 Be8 42. Qe2 Rf4 43. Qd1 Qf8 44. Qc2 Kh7 45. Qc7 Rf6 46. Qxe5
1-0

[Event "Kurnosov Memorial 2019"]
[Site "?"]
[Date "2019.09.07"]
[Round "5.6"]
[White "Remizov, Yaroslav"]
[Black "Kotsur, Pavel"]
[Result "1/2-1/2"]
[WhiteElo "2306"]
[BlackElo "2544"]
[PlyCount "103"]
[EventDate "2019.??.??"]

1. e4 c5 2. Nf3 e6 3. d4 cxd4 4. Nxd4 a6 5. c4 Nf6 6. Nc3 Qc7 7. Be2 b6 8. f4
d6 9. Bf3 Bb7 10. Qe2 Be7 11. e5 dxe5 12. fxe5 Nfd7 13. O-O O-O 14. Kh1 Nc6 15.
Nxc6 Bxc6 16. Bf4 Rac8 17. Nd5 exd5 18. e6 Bd6 19. exd7 Qxd7 20. Bg4 f5 21.
Bxd6 Qxd6 22. Bxf5 Rce8 23. Qc2 g6 24. cxd5 Bxd5 25. Bd3 b5 26. Rxf8+ Rxf8 27.
a4 Rf4 28. Rf1 Rxf1+ 29. Bxf1 Qf4 30. Qd1 Bc6 31. axb5 axb5 32. h3 Kg7 33. Qe1
b4 34. Bd3 Bd5 35. Qe2 Qf6 36. Be4 Qe5 37. Bf3 Qxe2 38. Bxe2 Kf6 39. Kg1 Ke5
40. Kf2 Kd4 41. h4 h6 42. g3 g5 43. hxg5 hxg5 44. Bf1 Be4 45. Ba6 Bd5 46. Bf1
Bc4 47. Bh3 Bb5 48. Bf5 Kc4 49. Bc2 Bc6 50. Ke3 Be8 51. Bd1 Bg6 52. Ba4 1/2-1/2

[Event "Kurnosov Memorial 2019"]
[Site "?"]
[Date "2019.09.07"]
[Round "5.9"]
[White "Mirzoev, Azer"]
[Black "Zhalmakhanov, Ramazan"]
[Result "1-0"]
[WhiteElo "2504"]
[BlackElo "2429"]
[PlyCount "141"]
[EventDate "2019.??.??"]

1. d4 Nf6 2. c4 e6 3. Nf3 Bb4+ 4. Nbd2 O-O 5. a3 Be7 6. e3 d5 7. b4 a5 8. b5 c5
9. bxc6 bxc6 10. c5 Nbd7 11. Bb2 Qc7 12. Qc2 h6 13. h3 Rb8 14. Be2 Qa7 15. O-O
Ba6 16. Bxa6 Qxa6 17. a4 Bd8 18. Bc3 Bc7 19. Rab1 Rfe8 20. Rxb8 Rxb8 21. Rb1
Rxb1+ 22. Qxb1 Kf8 23. g3 Ke8 24. Kg2 Kd8 25. Qf1 Qb7 26. Qd3 g6 27. Ne1 e5 28.
Nc2 e4 29. Qf1 Nb8 30. Na1 Na6 31. Qb1 Qa8 32. Nc2 Ke7 33. Qb2 Nh5 34. Nb3 Qd8
35. Qc1 f5 36. Qe1 g5 37. Qe2 Qb8 38. Nd2 Nxg3 39. fxg3 Nb4 40. Bxb4 axb4 41.
Qh5 b3 42. Na3 Bxg3 43. Qxh6 Be1 44. Qd6+ Qxd6 45. cxd6+ Kxd6 46. Nxb3 f4 47.
Nc2 Bc3 48. Kf2 Kc7 49. Nc5 Kb6 50. Nb3 Ka6 51. Ke2 Kb6 52. Na3 Bb4 53. Nb1 Ka6
54. N1d2 Kb6 55. Nf1 Bd6 56. Nh2 Ka6 57. Ng4 Kb7 58. Ne5 Bc7 59. Nf7 f3+ 60.
Kf2 Kb6 61. Nxg5 Bd8 62. Ne6 Bh4+ 63. Kf1 Ka6 64. Nf4 Bg5 65. Kg1 Kb6 66. Kf2
Bh4+ 67. Kf1 Bg5 68. Ke1 Bh4+ 69. Kd2 Be7 70. Ng6 Bb4+ 71. Kd1 1-0

[Event "Kurnosov Memorial 2019"]
[Site "?"]
[Date "2019.09.07"]
[Round "6.1"]
[White "Bocharov, Dmitry"]
[Black "Movsesian, Sergei"]
[Result "0-1"]
[WhiteElo "2643"]
[BlackElo "2663"]
[PlyCount "70"]
[EventDate "2019.??.??"]

1. c4 e5 2. d3 Nf6 3. Nf3 d6 4. Nc3 g6 5. g3 Bg7 6. Bg2 O-O 7. O-O Nc6 8. Rb1
a5 9. a3 h6 10. b4 axb4 11. axb4 Bg4 12. h3 Be6 13. e4 Nh7 14. b5 Ne7 15. Kh2
c6 16. bxc6 bxc6 17. Rb7 Bc8 18. Rb3 Be6 19. Re1 Qd7 20. Be3 f5 21. exf5 Nxf5
22. Bd2 Rf7 23. Qb1 Raf8 24. Rb8 Qa7 25. Rb6 Qd7 26. Ne4 Nf6 27. Nxf6+ Bxf6 28.
c5 Bd5 29. cxd6 Bg7 30. Rf1 Nd4 31. Nxd4 Rxf2 32. Nf3 R8xf3 33. Rb8+ Kh7 34.
Rb7 Rxg2+ 35. Kxg2 Rf7+ 0-1

[Event "Kurnosov Memorial 2019"]
[Site "?"]
[Date "2019.09.07"]
[Round "6.3"]
[White "Belyakov, Bogdan"]
[Black "Drygalov, Andrey"]
[Result "1/2-1/2"]
[WhiteElo "2510"]
[BlackElo "2539"]
[PlyCount "94"]
[EventDate "2019.??.??"]

1. e4 c5 2. c3 Nf6 3. e5 Nd5 4. Bc4 e6 5. Nf3 Nc6 6. O-O d6 7. d4 cxd4 8. cxd4
Be7 9. Qe2 O-O 10. Rd1 Na5 11. b3 Bd7 12. Bxd5 exd5 13. Nc3 Be6 14. Ba3 a6 15.
h3 Nc6 16. Rac1 Re8 17. exd6 Bxd6 18. Bxd6 Qxd6 19. Qd2 f6 20. Na4 Re7 21. Re1
Rae8 22. Nc5 Bc8 23. Rxe7 Rxe7 24. b4 Bf5 25. a3 Be4 26. Nh2 Bg6 27. Nf1 f5 28.
Qc3 Be8 29. Ne3 g6 30. a4 f4 31. Ng4 h5 32. Nh2 Nd8 33. Nf3 Nf7 34. Re1 Rxe1+
35. Qxe1 Bc6 36. Ne5 Nxe5 37. dxe5 Qe7 38. a5 d4 39. f3 g5 40. e6 Qf6 41. Qe2
Kf8 42. Nd7+ Bxd7 43. exd7 Qe7 44. Qc4 Qxd7 45. Qc5+ Qe7 46. Qxd4 Qe1+ 47. Kh2
Qg3+ 1/2-1/2

[Event "Kurnosov Memorial 2019"]
[Site "?"]
[Date "2019.09.07"]
[Round "6.4"]
[White "Lobanov, Sergei"]
[Black "Yakovich, Yuri"]
[Result "1/2-1/2"]
[WhiteElo "2412"]
[BlackElo "2514"]
[PlyCount "88"]
[EventDate "2019.??.??"]

1. e4 c5 2. Nf3 e6 3. d4 cxd4 4. Nxd4 a6 5. Nc3 d6 6. Be3 b5 7. g3 Bb7 8. Bg2
Nf6 9. a3 Be7 10. O-O Qc7 11. Qe2 O-O 12. f4 Nc6 13. Nb3 Nd7 14. Qf2 Na5 15.
Nxa5 Qxa5 16. Rfd1 Rac8 17. h3 Qc7 18. Rd2 Bc6 19. Rad1 a5 20. e5 d5 21. Ne2 b4
22. axb4 Bxb4 23. c3 Be7 24. Nd4 Bb7 25. Nb5 Qb8 26. Na7 Rc4 27. Bf1 Re4 28.
Nb5 Ba6 29. Nd4 Bxf1 30. Nc6 Qe8 31. Rxf1 Bd8 32. Nxd8 Qxd8 33. Bd4 Qc7 34. Ra1
Rb8 35. Rdd1 h6 36. Re1 Rxe1+ 37. Rxe1 a4 38. f5 exf5 39. e6 fxe6 40. Rxe6 Nf8
41. Be5 Qf7 42. Ra6 Re8 43. Ra7 Re7 44. Rxe7 Qxe7 1/2-1/2

[Event "Kurnosov Memorial 2019"]
[Site "?"]
[Date "2019.09.07"]
[Round "6.5"]
[White "Volkov, Sergey"]
[Black "Mischuk, Dmitry"]
[Result "1-0"]
[WhiteElo "2586"]
[BlackElo "2437"]
[PlyCount "83"]
[EventDate "2019.??.??"]

1. d4 d5 2. c4 c6 3. e3 Nf6 4. Nc3 e6 5. Nf3 a6 6. b3 Bb4 7. Bd2 Nbd7 8. Bd3
O-O 9. O-O Bd6 10. a4 e5 11. cxd5 cxd5 12. dxe5 Nxe5 13. Be2 Bd7 14. a5 Nc6 15.
Be1 Be6 16. Nd4 Nxd4 17. exd4 Bb4 18. Ne4 Bxe1 19. Nxf6+ Qxf6 20. Rxe1 Rac8 21.
b4 Rc3 22. b5 axb5 23. Bxb5 g6 24. Re3 Rc7 25. h3 Rfc8 26. Bf1 Rc2 27. Re2 Rxe2
28. Bxe2 Rc3 29. Qd2 Rc7 30. Rb1 Kg7 31. Qe3 h5 32. Rb6 Kh7 33. Bf3 Qd8 34. Qf4
Qc8 35. Kh2 Rc2 36. Qe5 Rxf2 37. a6 Rxf3 38. axb7 Qc2 39. Rxe6 Rf2 40. Qg3 fxe6
41. b8=Q Rf7 42. Qge5 1-0

[Event "Kurnosov Memorial 2019"]
[Site "?"]
[Date "2019.09.07"]
[Round "6.6"]
[White "Ponkratov, Pavel"]
[Black "Kostenko, Petr"]
[Result "1-0"]
[WhiteElo "2669"]
[BlackElo "2382"]
[PlyCount "59"]
[EventDate "2019.??.??"]

1. e4 e6 2. d4 d5 3. Nc3 Nf6 4. e5 Nfd7 5. f4 c5 6. Nf3 Nc6 7. Be3 a6 8. Qd2 b5
9. a3 Bb7 10. Be2 Be7 11. O-O O-O 12. Rad1 Rc8 13. Kh1 Qc7 14. Qe1 b4 15. axb4
Nxb4 16. Rd2 Nb6 17. Qg3 Rfd8 18. dxc5 Nc4 19. Bxc4 dxc4 20. Rd6 Nxc2 21. Bg1
Nb4 22. f5 Bxf3 23. Rxf3 exf5 24. Bd4 g6 25. Rxf5 Bxd6 26. exd6 Qd7 27. Qe5 f6
28. Qxf6 gxf5 29. Qh8+ Kf7 30. Qg7+ 1-0

[Event "Kurnosov Memorial 2019"]
[Site "?"]
[Date "2019.09.07"]
[Round "7.3"]
[White "Yudin, Sergei"]
[Black "Belyakov, Bogdan"]
[Result "1/2-1/2"]
[WhiteElo "2580"]
[BlackElo "2510"]
[PlyCount "29"]
[EventDate "2019.??.??"]

1. e4 c5 2. Nf3 Nf6 3. e5 Nd5 4. g3 Nc6 5. Bg2 g6 6. O-O Bg7 7. Re1 O-O 8. d3
d6 9. exd6 Qxd6 10. Nbd2 Qd8 11. Nb3 b6 12. d4 c4 13. Nbd2 c3 14. Ne4 cxb2 15.
Bxb2 1/2-1/2

[Event "Kurnosov Memorial 2019"]
[Site "?"]
[Date "2019.09.07"]
[Round "7.4"]
[White "Shariyazdanov, Andrey"]
[Black "Romanov, Evgeny"]
[Result "1/2-1/2"]
[WhiteElo "2477"]
[BlackElo "2565"]
[PlyCount "69"]
[EventDate "2019.??.??"]

1. c4 e5 2. Nc3 Nc6 3. Nf3 g6 4. d4 exd4 5. Nxd4 Bg7 6. Nxc6 dxc6 7. Qxd8+ Kxd8
8. Bg5+ Ke8 9. e3 Be6 10. O-O-O Nf6 11. Be2 Nd7 12. Kc2 Nc5 13. f3 a5 14. e4 f5
15. Be3 Nd7 16. Rhe1 Kf7 17. Nd5 Rac8 18. Nf4 fxe4 19. Nxe6 Kxe6 20. c5 Nf6 21.
Bc4+ Ke7 22. Bg5 Rhd8 23. Rxe4+ Kf8 24. Rf4 Rxd1 25. Bxf6 Rd5 26. Bxd5 cxd5 27.
Bc3+ Kg8 28. Bxa5 b6 29. Bb4 Re8 30. cxb6 cxb6 31. Kd3 Bxb2 32. Bd2 Be5 33. Rb4
Bxh2 34. Rxb6 Ra8 35. Rb5 1/2-1/2

[Event "Kurnosov Memorial 2019"]
[Site "?"]
[Date "2019.09.07"]
[Round "7.5"]
[White "Slizhevsky, Alexander"]
[Black "Kotsur, Pavel"]
[Result "1/2-1/2"]
[WhiteElo "2459"]
[BlackElo "2544"]
[PlyCount "27"]
[EventDate "2019.??.??"]

1. e4 c5 2. Nf3 e6 3. d4 cxd4 4. Nxd4 a6 5. Be2 Nf6 6. Nc3 d6 7. O-O Be7 8. f4
O-O 9. a4 Qc7 10. Kh1 b6 11. Bf3 Bb7 12. e5 dxe5 13. fxe5 Nfd7 14. Bxb7 1/2-1/2

[Event "Kurnosov Memorial 2019"]
[Site "?"]
[Date "2019.09.07"]
[Round "7.6"]
[White "Drygalov, Andrey"]
[Black "Lobanov, Sergei"]
[Result "0-1"]
[WhiteElo "2539"]
[BlackElo "2412"]
[PlyCount "52"]
[EventDate "2019.??.??"]

1. Nf3 d5 2. c4 d4 3. b4 f6 4. Qa4+ Bd7 5. Qb3 e5 6. c5 a5 7. e3 axb4 8. Bc4
Nh6 9. O-O Bxc5 10. exd4 exd4 11. Re1+ Kf8 12. d3 Nf5 13. Bd2 Nc6 14. Qb2 g5
15. Bd5 Kg7 16. Qc1 Bd6 17. h3 Re8 18. Be4 h6 19. Qb2 Bc5 20. a3 bxa3 21. Nxa3
Nd6 22. Bxc6 Rxe1+ 23. Bxe1 Bxc6 24. Nxd4 Bxd4 25. Qxd4 Nb5 26. Nxb5 Qxd4 0-1

[Event "Kurnosov Memorial 2019"]
[Site "?"]
[Date "2019.09.07"]
[Round "7.7"]
[White "Yakovich, Yuri"]
[Black "Matsenko, Andrei"]
[Result "1-0"]
[WhiteElo "2514"]
[BlackElo "2323"]
[PlyCount "91"]
[EventDate "2019.??.??"]

1. d4 Nf6 2. c4 d6 3. Nc3 Nbd7 4. e4 e5 5. Nf3 c6 6. Be2 g6 7. O-O Bg7 8. Be3
O-O 9. d5 c5 10. Ne1 Ne8 11. g4 f5 12. gxf5 gxf5 13. exf5 Ndf6 14. Kh1 Bxf5 15.
Rg1 Kh8 16. Nf3 Ne4 17. Ng5 Nxc3 18. bxc3 e4 19. Bg4 Qf6 20. Bxf5 Qxf5 21. Ne6
Rg8 22. Rg5 Qh3 23. Rh5 Qf3+ 24. Qxf3 exf3 25. Ng5 h6 26. Nf7+ Kh7 27. Nxh6 Nf6
28. Rh3 Bxh6 29. Rxh6+ Kg7 30. Rg1+ Kf7 31. Rh3 Rxg1+ 32. Kxg1 Rg8+ 33. Kf1 Ng4
34. Rxf3+ Ke7 35. Rh3 Rg7 36. Ke2 Ne5 37. Rh4 a5 38. Re4 Kd7 39. Bf4 Nf7 40.
Bg3 Ng5 41. Re3 a4 42. h4 Nf7 43. Re6 Rg4 44. Kd3 a3 45. Re1 Nh6 46. Bxd6 1-0

[Event "Kurnosov Memorial 2019"]
[Site "?"]
[Date "2019.09.07"]
[Round "7.8"]
[White "Urazayev, Arystanbek"]
[Black "Kokarev, Dmitry"]
[Result "1/2-1/2"]
[WhiteElo "2334"]
[BlackElo "2665"]
[PlyCount "107"]
[EventDate "2019.??.??"]

1. e4 c5 2. Nf3 d6 3. d4 cxd4 4. Qxd4 Nf6 5. Bb5+ Bd7 6. c4 g6 7. Nc3 Bg7 8. h3
O-O 9. Qd3 a6 10. Bxd7 Nfxd7 11. O-O Nc6 12. Bd2 Nc5 13. Qe2 e6 14. Rac1 Qc7
15. Rfd1 Rac8 16. Bf4 Rfd8 17. b3 Rd7 18. Qe3 Rcd8 19. Bh6 Bxh6 20. Qxh6 f6 21.
Rc2 Qa5 22. Qe3 b5 23. cxb5 axb5 24. Ne2 b4 25. Nfd4 Nxd4 26. Nxd4 Qa6 27. Rcd2
d5 28. e5 Ne4 29. Rc2 fxe5 30. Nc6 Nc3 31. Nxd8 Nxd1 32. Qxe5 Nc3 33. Nxe6 Qd6
34. Qxd6 Rxd6 35. Nd4 Ra6 36. f4 h5 37. Kf2 Kf7 38. Kf3 Nxa2 39. Rc7+ Kf6 40.
Rb7 g5 41. fxg5+ Kxg5 42. h4+ Kf6 43. Kf4 Nc1 44. Ke3 Na2 45. Rh7 Kg6 46. Rd7
Nc3 47. Rb7 Ra2 48. Rb6+ Kf7 49. Rxb4 Rxg2 50. Rb7+ Kf6 51. Rb6+ Kf7 52. Rb7+
Kf6 53. Rb6+ Kf7 54. Rb7+ 1/2-1/2

[Event "Kurnosov Memorial 2019"]
[Site "?"]
[Date "2019.09.07"]
[Round "7.9"]
[White "Guseva, Marina"]
[Black "Bareev, Evgeny"]
[Result "0-1"]
[WhiteElo "2295"]
[BlackElo "2664"]
[PlyCount "110"]
[EventDate "2019.??.??"]

1. d4 d5 2. c4 c6 3. Nc3 Nf6 4. e3 e6 5. Nf3 Nbd7 6. Bd3 dxc4 7. Bxc4 b5 8. Bd3
Bd6 9. O-O O-O 10. b3 Qe7 11. Bb2 Bb7 12. a4 a6 13. Qe2 Rfe8 14. Ne4 Nxe4 15.
Bxe4 Nf6 16. Bd3 Nd5 17. Rfc1 h6 18. Nd2 f5 19. g3 Bb4 20. Nf3 Nf6 21. Ne5 Rac8
22. Qf1 Red8 23. Be2 Ne4 24. Nd3 c5 25. Nxb4 cxb4 26. axb5 axb5 27. Qe1 Qd6 28.
Bf3 Bd5 29. Bg2 Bxb3 30. f3 Nf6 31. e4 fxe4 32. fxe4 Nd7 33. Qe3 Bc4 34. Rd1
Qb6 35. Kh1 Nf6 36. Qf4 Rf8 37. h3 Nd5 38. Qd2 Nc3 39. Re1 Rcd8 40. Bxc3 bxc3
41. Qxc3 Rxd4 42. Red1 e5 43. Qb4 Rfd8 44. Re1 Rd2 45. Qe7 Qd6 46. Qxd6 R8xd6
47. Bf1 Bxf1 48. Rxf1 R6d3 49. Ra8+ Kh7 50. Rg1 b4 51. Rg2 b3 52. Rb8 Rc2 53.
h4 Rd1+ 54. Kh2 Rb1 55. Rd8 Rbb2 0-1

[Event "Kurnosov Memorial 2019"]
[Site "?"]
[Date "2019.09.07"]
[Round "7.10"]
[White "Bryushinin, Alexander"]
[Black "Bocharov, Dmitry"]
[Result "0-1"]
[WhiteElo "2280"]
[BlackElo "2643"]
[PlyCount "58"]
[EventDate "2019.??.??"]

1. d4 Nf6 2. c4 e6 3. Nf3 b6 4. g3 Ba6 5. Qc2 Bb7 6. Bg2 c5 7. d5 exd5 8. cxd5
Nxd5 9. O-O Be7 10. Rd1 Nc6 11. Qa4 Nf6 12. Nh4 O-O 13. Nf5 Re8 14. Nc3 Bf8 15.
Bg5 h6 16. Bf4 a6 17. Nd6 Bxd6 18. Bxd6 Qc8 19. Qb3 Nd4 20. Qxb6 Nxe2+ 21. Nxe2
Bxg2 22. Nf4 Bc6 23. Qxc5 Ne4 24. Qf5 Qb7 25. h4 Qxb2 26. Nh5 Nxd6 27. Qg4 Ne4
28. Rf1 Nd2 29. Rfc1 Nf3+ 0-1

[Event "Kurnosov Memorial 2019"]
[Site "?"]
[Date "2019.09.07"]
[Round "8.1"]
[White "Lobanov, Sergei"]
[Black "Movsesian, Sergei"]
[Result "1/2-1/2"]
[WhiteElo "2412"]
[BlackElo "2663"]
[PlyCount "43"]
[EventDate "2019.??.??"]

1. e4 c5 2. Nf3 e6 3. d4 cxd4 4. Nxd4 Nc6 5. Nc3 a6 6. g3 h5 7. Bg2 h4 8. O-O
Qc7 9. Re1 d6 10. Nxc6 bxc6 11. Na4 hxg3 12. hxg3 e5 13. c4 Nf6 14. Be3 c5 15.
Nc3 Be7 16. Bg5 Be6 17. Bxf6 Bxf6 18. Nd5 Bxd5 19. Qxd5 Rb8 20. b3 Be7 21. Rad1
Qb7 22. Qd3 1/2-1/2

[Event "Kurnosov Memorial 2019"]
[Site "?"]
[Date "2019.09.07"]
[Round "8.2"]
[White "Bareev, Evgeny"]
[Black "Yakovich, Yuri"]
[Result "1-0"]
[WhiteElo "2664"]
[BlackElo "2514"]
[PlyCount "53"]
[EventDate "2019.??.??"]

1. c4 e6 2. Nf3 d5 3. g3 dxc4 4. Bg2 a6 5. a4 Nc6 6. O-O e5 7. Na3 Be6 8. Qc2
Bxa3 9. bxa3 Nge7 10. Rb1 Rb8 11. Ng5 Bd5 12. e4 Nd4 13. Qa2 Bc6 14. Qxc4 O-O
15. d3 h6 16. Nf3 Nxf3+ 17. Bxf3 Nf5 18. Bb2 Nd4 19. Bxd4 Qxd4 20. Qxd4 exd4
21. Rb4 f5 22. Rc1 Rbd8 23. Kg2 a5 24. Rbc4 Rd7 25. Rxc6 fxe4 26. Bg4 Rdf7 27.
R6c2 1-0

[Event "Kurnosov Memorial 2019"]
[Site "?"]
[Date "2019.09.07"]
[Round "8.3"]
[White "Ponkratov, Pavel"]
[Black "Gutenev, Alexander"]
[Result "1/2-1/2"]
[WhiteElo "2669"]
[BlackElo "2516"]
[PlyCount "111"]
[EventDate "2019.??.??"]

1. e4 c5 2. Nf3 Nc6 3. Bb5 g6 4. O-O Bg7 5. c3 Nf6 6. Re1 O-O 7. d4 d5 8. e5
Ne4 9. h3 Qb6 10. Ba4 cxd4 11. cxd4 Bf5 12. Nc3 Rfd8 13. g4 Be6 14. Bc2 Rac8
15. Re3 f6 16. Bb3 Na5 17. Nxe4 dxe4 18. Bxe6+ Qxe6 19. Rxe4 fxe5 20. Qe2 Qc4
21. Nxe5 Qxe2 22. Rxe2 Bxe5 23. Rxe5 Nc6 24. Re4 Rxd4 25. Re1 Rc4 26. Bh6 Rc2
27. b4 Kf7 28. Re4 Rd8 29. Rae1 Rd4 30. b5 Rxe4 31. Rxe4 Nd8 32. a4 Ne6 33. Be3
Nc5 34. Rf4+ Ke8 35. g5 b6 36. Rh4 Ne6 37. a5 Rb2 38. axb6 axb6 39. Re4 Nc5 40.
Rh4 Rxb5 41. Rxh7 Ne6 42. Rh4 Kf7 43. Rg4 Ng7 44. Rc4 Nf5 45. Bf4 Rb3 46. Kh2
b5 47. Rc5 b4 48. Rb5 Rb2 49. Kg2 b3 50. Rb7 Nh4+ 51. Kg3 Nf5+ 52. Kg2 Rb1 53.
Be5 Ke6 54. Bc3 Nd6 55. Rb6 Kf7 56. h4 1/2-1/2

[Event "Kurnosov Memorial 2019"]
[Site "?"]
[Date "2019.09.07"]
[Round "8.4"]
[White "Bocharov, Dmitry"]
[Black "Belyakov, Bogdan"]
[Result "1-0"]
[WhiteElo "2643"]
[BlackElo "2510"]
[PlyCount "161"]
[EventDate "2019.??.??"]

1. Nf3 Nf6 2. c4 g6 3. g3 Bg7 4. Bg2 O-O 5. O-O d6 6. Nc3 Nc6 7. d4 a6 8. d5
Na5 9. b3 c5 10. dxc6 Nxc6 11. Bg5 h6 12. Bd2 Rb8 13. Rc1 Bd7 14. Nd5 e6 15.
Nxf6+ Qxf6 16. Be3 e5 17. Qd2 g5 18. Rfd1 g4 19. Ne1 Nd4 20. Nc2 Nf5 21. Bb6 d5
22. Qxd5 Bc6 23. Qa5 Bxg2 24. Kxg2 h5 25. Ne3 Nxe3+ 26. Bxe3 h4 27. Qd5 h3+ 28.
Kg1 Qg6 29. c5 Rfd8 30. Qh1 Qc2 31. Re1 Qf5 32. f3 e4 33. fxg4 Qxg4 34. Rc4 f5
35. Kf2 Be5 36. Qf1 Rf8 37. Qg1 Rbd8 38. Rd1 Kh7 39. Rxd8 Rxd8 40. Rc1 Rf8 41.
Ke1 f4 42. gxf4 Rxf4 43. Kd2 Qxg1 44. Rxg1 Rh4 45. Bf2 Rf4 46. Ke3 Rf5 47. Bg3
Bxg3 48. Rxg3 Rxc5 49. Rxh3+ Kg6 50. Kd2 Rd5+ 51. Kc3 Rc5+ 52. Kd2 Ra5 53. a4
b5 54. axb5 Rxb5 55. Kc3 a5 56. Rh4 Rb4 57. Rf4 Kg5 58. e3 Kg6 59. h4 Kh5 60.
Rf5+ Kxh4 61. Rxa5 Rb8 62. Re5 Rc8+ 63. Kb2 Kg4 64. Rxe4+ Kf3 65. Re5 Rb8 66.
Kc3 Rc8+ 67. Kd4 Rb8 68. Kc4 Rc8+ 69. Rc5 Rb8 70. b4 Kxe3 71. b5 Ke4 72. Rh5
Rc8+ 73. Kb4 Kd4 74. b6 Rc1 75. Kb5 Rb1+ 76. Ka6 Ra1+ 77. Kb7 Rb1 78. Ka7 Ra1+
79. Kb8 Rb1 80. b7 Rb2 81. Kc7 1-0

[Event "Kurnosov Memorial 2019"]
[Site "?"]
[Date "2019.09.07"]
[Round "8.5"]
[White "Matveev, Vladimir"]
[Black "Shaposhnikov, Evgeny"]
[Result "0-1"]
[WhiteElo "2355"]
[BlackElo "2594"]
[PlyCount "56"]
[EventDate "2019.??.??"]

1. d4 Nf6 2. c4 e6 3. Nf3 b6 4. g3 Bb4+ 5. Bd2 c5 6. Bg2 Bb7 7. O-O O-O 8. Bxb4
cxb4 9. a3 bxa3 10. Rxa3 a5 11. Nc3 Na6 12. Nd2 Bxg2 13. Kxg2 d5 14. e3 dxc4
15. Nxc4 b5 16. Nxa5 b4 17. Ra1 bxc3 18. bxc3 Nb8 19. Nb3 Rxa1 20. Nxa1 Qd5+
21. Qf3 Rc8 22. Rc1 Nbd7 23. Qxd5 exd5 24. f3 Nb6 25. Rb1 Na4 26. Rb4 Nxc3 27.
Kf2 g5 28. g4 Ra8 0-1

[Event "Kurnosov Memorial 2019"]
[Site "?"]
[Date "2019.09.07"]
[Round "8.7"]
[White "Zhalmakhanov, Ramazan"]
[Black "Yudin, Sergei"]
[Result "1/2-1/2"]
[WhiteElo "2429"]
[BlackElo "2580"]
[PlyCount "30"]
[EventDate "2019.??.??"]

1. e4 d6 2. d4 Nf6 3. Nc3 e5 4. Nge2 Be7 5. Be3 O-O 6. f3 exd4 7. Qxd4 Nc6 8.
Qd2 a6 9. O-O-O b5 10. Nf4 Ne5 11. Ncd5 Nxd5 12. Nxd5 Be6 13. Kb1 Rb8 14. Qa5
Bxd5 15. Rxd5 c6 1/2-1/2

[Event "Kurnosov Memorial 2019"]
[Site "?"]
[Date "2019.09.07"]
[Round "8.8"]
[White "Pridorozhni, Aleksei"]
[Black "Mirzoev, Azer"]
[Result "1-0"]
[WhiteElo "2572"]
[BlackElo "2504"]
[PlyCount "139"]
[EventDate "2019.??.??"]

1. e4 e5 2. Nf3 Nc6 3. d4 exd4 4. Nxd4 Bb4+ 5. c3 Bc5 6. Be3 Bb6 7. Nf5 Bxe3 8.
Nxe3 d6 9. c4 Nge7 10. Nc3 O-O 11. Bd3 a5 12. O-O Kh8 13. f4 f5 14. exf5 Nxf5
15. Nxf5 Bxf5 16. Bxf5 Rxf5 17. Qd3 Rf7 18. Rad1 Qh4 19. Qd2 h6 20. g3 Qh5 21.
b3 Re8 22. Qd5 Qxd5 23. cxd5 Nb4 24. Rd2 Re3 25. Nb5 Rfe7 26. Rc1 Re1+ 27. Rxe1
Rxe1+ 28. Kf2 Rc1 29. a3 Na6 30. Kf3 Kg8 31. Rd3 Kf7 32. Rc3 Rxc3+ 33. Nxc3 c6
34. Ke3 Nc7 35. Kd4 h5 36. a4 g6 37. Kc4 Ke7 38. h3 Kd7 39. Kd4 Ke7 40. g4 hxg4
41. hxg4 Na6 42. Ne4 Nb4 43. dxc6 bxc6 44. f5 gxf5 45. gxf5 Nc2+ 46. Kc3 Ne3
47. f6+ Ke6 48. f7 Kxf7 49. Nxd6+ Ke6 50. Nb7 Kd5 51. Nxa5 c5 52. Nc4 Nf5 53.
Kd3 Ne7 54. Ne3+ Kc6 55. Ke4 Nc8 56. Nc4 Ne7 57. Ke5 Ng6+ 58. Kf5 Nh4+ 59. Ke6
Ng2 60. Ne5+ Kb6 61. Kd6 Nf4 62. Nc4+ Ka6 63. Kxc5 Nd3+ 64. Kd4 Nb4 65. Ne5 Kb6
66. Kc4 Nc2 67. b4 Ne3+ 68. Kd4 Nc2+ 69. Kc3 Ne3 70. Nc4+ 1-0

[Event "Kurnosov Memorial 2019"]
[Site "?"]
[Date "2019.09.07"]
[Round "8.9"]
[White "Romanov, Evgeny"]
[Black "Slizhevsky, Alexander"]
[Result "1-0"]
[WhiteElo "2565"]
[BlackElo "2459"]
[PlyCount "43"]
[EventDate "2019.??.??"]

1. d4 Nf6 2. Nf3 g6 3. Bg5 Bg7 4. Nbd2 O-O 5. e4 d5 6. exd5 Nxd5 7. c3 Nd7 8.
Bc4 N5b6 9. Bb3 c5 10. O-O cxd4 11. cxd4 Nf6 12. Re1 Nbd5 13. Ne5 Be6 14. Qf3
Qb6 15. Bxf6 exf6 16. Nxf7 Bxf7 17. Bxd5 Qxd4 18. Bxf7+ Rxf7 19. Ne4 Kh8 20.
Ng5 Rd7 21. Rad1 Qa4 22. Qh3 1-0

[Event "Kurnosov Memorial 2019"]
[Site "?"]
[Date "2019.09.07"]
[Round "8.10"]
[White "Kotsur, Pavel"]
[Black "Sveshnikov, Evgeny"]
[Result "1/2-1/2"]
[WhiteElo "2544"]
[BlackElo "2449"]
[PlyCount "30"]
[EventDate "2019.??.??"]

1. e4 c5 2. Nf3 Nc6 3. Bb5 e6 4. O-O Nge7 5. c3 a6 6. Ba4 b5 7. Bc2 Bb7 8. Re1
Rc8 9. a4 b4 10. d4 bxc3 11. bxc3 cxd4 12. cxd4 Nb4 13. Bb3 Rxc1 14. Qxc1 Nd3
15. Qe3 Bc8 1/2-1/2

[Event "Kurnosov Memorial 2019"]
[Site "?"]
[Date "2019.09.07"]
[Round "9.1"]
[White "Movsesian, Sergei"]
[Black "Volkov, Sergey"]
[Result "1/2-1/2"]
[WhiteElo "2663"]
[BlackElo "2586"]
[PlyCount "23"]
[EventDate "2019.??.??"]

1. Nf3 d5 2. g3 Nf6 3. Bg2 c6 4. O-O Bf5 5. c4 e6 6. d3 dxc4 7. dxc4 Qxd1 8.
Rxd1 Bc2 9. Rd2 Bg6 10. Rd1 Bc2 11. Rd2 Bg6 12. Rd1 1/2-1/2